LEADER 01052nam a2200253 i 4500 001 000000138330 003 CaOOAMICUS 005 20050502000000.0 008 050502s1979 it u000 u ita u 013 $a112225 040 $aSeMil$bita 100 1 $aScarsi, Giovanna.$0(OLS)http://semarc/name/56033 245 10$aScapigliatura e Novecento :$bpoesia, pittura, musica /$cGiovanna Scarsi. 260 $aRoma :$bStudium,$ccopyr. 1979. 300 $a260 p. ;$c17 cm. 490 0 $aNuova universale Studium ;$v31 500 $aContiene : Nota bio-bibliografica ; Avviamento bibliografico. 650 4$aScapigliatura.$0(OLS)http://semarc/subject/11605 830 0$aNuova universale Studium ;$v31.$0(OLS)http://semarc/title/5890 850 $aSeMil 852 $aSeMil$W1$xVenegono$y1$m1C I 93$j91820$B91820$CSeMilBibl$Z2$F96852 $81 961 $aOmaggio: Poma mons. Gianfranco 996 $6245$aScapigliatura e Novecento :$bpoesia, pittura, musica$9(OLS)http://semarc/title/202227 996 $6260$aRoma :$bStudium$9(OLS)http://semarc/publisher/29617 LEADER 01676nam a2200313 i 4500 001 000000040482 003 CaOOAMICUS 005 20230306154357.0 008 050222s1992 it u000 u mul u 020 $a88-04-33059-7 040 $aSeMil$bita 245 00$a(Libri 1.-3.) /$cintroduzione generale di Jacques Fontaine ; bibliografia generale di José Guirau ; testo criticamente riveduto e apparati scritturistici a cura di Manlio Simonetti ; traduzione di Gioachino Chiarini ; Commento a cura di Marta Cristiani, Luigi F. Pizzolato, Paolo Siniscalco. 300 $aCLXI, 259 p. 541 0 $aFondo Ciprandi (1ZA A 4/1) 700 1 $aFontaine, Jacques,$d<1922-2015>.$0(OLS)http://semarc/name/90108 700 1 $aGuirau, José Manuel .$0(OLS)http://semarc/name/90461 700 1 $aSimonetti, Manlio,$d<1926-2017>.$0(OLS)http://semarc/name/89094 700 1 $aSiniscalco, Paolo,$d<1931-2022>.$0(OLS)http://semarc/name/89100 700 1 $aCristiani, Marta,$d<1938- >.$0(OLS)http://semarc/name/8683 700 1 $aPizzolato, Luigi Franco,$d<1939- >.$0(OLS)http://semarc/name/40 700 1 $aChiarini, Gioachino.$0(OLS)http://semarc/name/16362 773 0 $aAugustinus, Aurelius $tConfessioni.$d[Milano] : Fondazione Lorenzo Valla : Arnoldo Mondadori, 1992-2001.$kScrittori greci e latini$g1$w()645 850 $aSeMil 852 $aSeMil$W1$xVenegono$y1$m1ZA A 4/1$j238180$B6637$CSeMilBibl$Z2$F6637 $81 941 1 $a1 961 $aOmaggio: Ciprandi dott. Paolo 996 $6020$a88-04-33059-7$9(OLS)http://semarc/number/10721 996 $6245$a(Libri 1.-3.)$9(OLS)http://semarc/title/58169